| 000 | 00687nam a2200205 i 4500 | ||
|---|---|---|---|
| 001 | bg | ||
| 100 | 1 | _aGRZESIKIEWICZ, Wiesław | |
| 245 | 0 |
_aRównoważność zasad statyki konstrukcji skrępowanych różnorodnymi więzami / _cW. Grzesikiewicz, A. Wakulicz. |
|
| 260 |
_aWarszawa, _c1986 _aWydawnictwa PW. |
||
| 300 | _a98, [1] s. | ||
| 490 | 1 |
_aPrace Naukowe / Politechnika Warszawska. Mechanika ; _vz.93 |
|
| 650 | 9 |
_aKonstrukcje _xmechanika |
|
| 700 | 1 | _aWAKULICZ, Andrzej | |
| 830 | 0 |
_aPrace Naukowe (Politechnika Warszawska). _pMechanika ; _vz.93 |
|
| 040 | _cBPK | ||
| 041 | _apol | ||
| 080 | _a624.01/.07:621.01 | ||
| 942 | _cKS | ||
| 008 | s pl f |000 0 pol | ||
| 999 |
_c23616 _d23616 |
||
| 856 |
_uhttp://koha.tu.koszalin.pl/cgi-bin/koha/opac-detail.pl?biblionumber=23616 _yKatalog online BPK |
||